Catalog

Record Details

Catalog Search



Turning the feather around : my life in art / ... Read More

Available copies

  • 3 of 3 copies available at LARL/NWRL Consortium. (Show)
  • 3 of 3 copies available at Lake Agassiz Regional Library.

Current holds

0 current holds with 3 total copies.

Show Only Available Copies
Location Call Number / Copy Notes Barcode Shelving Location Status Due Date
Breckenridge Public Library 921 MOR (Text) 33500013094156 Main Available -
Crookston Public Library 921 MOR (Text) 33500013094164 Main Available -
Moorhead Public Library 921 MOR (Text) 33500012025789 Main Available -

Record details

  • ISBN: 9780873513609
  • ISBN: 0873513592
  • ISBN: 9780873513593
  • ISBN: 0873513606
  • Physical Description: 205 pages : illustrations (some color) ; 25 cm.
  • Publisher: St. Paul : Minnesota Historical Society Press, ©1998.

Content descriptions

Bibliography, etc. Note:
Includes bibliographical references (pages ... Read More
Subject: Morrison, George, 1919-2000.
Artists > Minnesota > Biography.
Morrison, George, 1919-2000
Artists.
Minnesota.
Morrison, George (Künstler)
Autobiographie.
Genre: Biography.
LDR 02157cam a2200505 a 4500
001177019
003LARL_NWRL_CONSORTIUM
00520150313154442.0
008971020s1998 mnua b 001 0beng
020 . ‡a9780873513609 ‡q(pbk. : alk. paper)
020 . ‡a0873513592 ‡q(cloth : alk. paper)
020 . ‡a9780873513593 ‡q(cloth : alk. paper)
020 . ‡a0873513606 ‡q(pbk. : alk. paper)
035 . ‡a(OCoLC)37903580
043 . ‡an-us-mn
08200. ‡a759.13 ‡221
08204. ‡aB ‡221
1001 . ‡aMorrison, George, ‡d1919-2000. ‡0(LARL_NWRL_CONSORTIUM)6640
24510. ‡aTurning the feather around : ‡bmy life in art / ‡cGeorge Morrison as told to Margot Fortunato Galt.
260 . ‡aSt. Paul : ‡bMinnesota Historical Society Press, ‡c©1998.
300 . ‡a205 pages : ‡billustrations (some color) ; ‡c25 cm.
336 . ‡atext ‡btxt ‡2rdacontent
337 . ‡aunmediated ‡bn ‡2rdamedia
338 . ‡avolume ‡bnc ‡2rdacarrier
4900 . ‡aMidwest reflections
504 . ‡aIncludes bibliographical references (pages 197-202) and index.
60010. ‡aMorrison, George, ‡d1919-2000. ‡0(LARL_NWRL_CONSORTIUM)6640
650 0. ‡aArtists ‡zMinnesota ‡vBiography.
60017. ‡aMorrison, George, ‡d1919-2000 ‡2fast ‡0(LARL_NWRL_CONSORTIUM)6640
650 7. ‡aArtists. ‡2fast ‡0(LARL_NWRL_CONSORTIUM)14064
651 7. ‡aMinnesota. ‡2fast ‡0(LARL_NWRL_CONSORTIUM)55629
60017. ‡aMorrison, George (Künstler) ‡2swd
65007. ‡aAutobiographie. ‡2swd
655 7. ‡aBiography. ‡2fast
7001 . ‡aGalt, Margot Fortunato. ‡0(LARL_NWRL_CONSORTIUM)107434
77608. ‡iOnline version: ‡aMorrison, George, 1919-2000. ‡tTurning the feather around. ‡dSt. Paul : Minnesota Historical Society Press, ©1998 ‡w(OCoLC)606373974
901 . ‡a177019 ‡bOCLC ‡c177019 ‡tbiblio

Additional Resources